[Event "Sparkassen Open A 2013"]
[Site "Dortmund GER"]
[Date "2013.07.28"]
[Round "2.2"]
[White "Schmittdiel, Eckhard"]
[Black "Schroeder, Kevin"]
[Result "1/2-1/2"]
[WhiteTitle "GM"]
[WhiteElo "2435"]
[BlackElo "2079"]
[WhiteFideId "4600096"]
[BlackFideId "12929840"]
[EventDate "2013.07.27"]

1. Nf3 c5 2. c4 Nc6 3. g3 g6 4. Bg2 Bg7 5. Nc3 Nf6 6. e4 O-O 7. d3 d6 8. O-O Bg4
9. h3 Bxf3 10. Bxf3 Ne8 11. Bg2 Nc7 12. Be3 Rb8 13. Rc1 b5 14. b3 Nd4 15. Kh2 e6
16. Ne2 Nxe2 17. Qxe2 a5 18. Qd2 a4 19. bxa4 bxa4 20. Rb1 Na6 21. d4 Qc7 22. d5
Rb4 23. dxe6 fxe6 24. Rbd1 Rd8 25. Qc2 Qd7 26. Rd2 Rb2 27. Qc1 a3 28. Rd3 Nb4
29. Rxa3 Rc2 30. Qb1 Rb2 31. Qc1 Rc2 32. Qb1 1/2-1/2

[Event "Sparkassen Open A 2013"]
[Site "Dortmund GER"]
[Date "2013.07.28"]
[Round "2.5"]
[White "Webb, Laurence E"]
[Black "Hellwig, Thomas"]
[Result "1-0"]
[WhiteTitle "FM"]
[WhiteElo "2286"]
[BlackElo "2046"]
[WhiteFideId "402389"]
[BlackFideId "24646547"]
[EventDate "2013.07.27"]

1. e4 c5 2. Nf3 d6 3. c3 Nf6 4. Bd3 g6 5. Bc2 Bg7 6. O-O O-O 7. h3 e5 8. d3 Nh5
9. Bb3 Kh8 10. d4 Qe8 11. Na3 cxd4 12. cxd4 Nc6 13. Nb5 Qe7 14. dxe5 dxe5 15.
Qd6 Be6 16. Qxe7 Nxe7 17. Bxe6 fxe6 18. Nc7 Rac8 19. Nxe6 Rxf3 20. gxf3 Nc6 21.
Be3 Nd4 22. Bxd4 exd4 23. Rac1 Re8 24. Nxg7 Kxg7 25. Rc7+ Kh6 26. Rd1 Nf4 27.
Kh2 Re5 28. Rxd4 Rh5 29. Rdd7 Rxh3+ 30. Kg1 Rxf3 31. Rxh7+ Kg5 32. Rxb7 Kg4 33.
Rxa7 g5 34. Ra3 Ne2+ 35. Kf1 Ng3+ 36. Kg2 Nxe4 37. Rxf3 Nxf2 38. Rg3+ 1-0

[Event "Sparkassen Open A 2013"]
[Site "Dortmund GER"]
[Date "2013.07.28"]
[Round "2.7"]
[White "Giraud, Valerian"]
[Black "Schmuecker, Marcus"]
[Result "0-1"]
[WhiteElo "1955"]
[BlackElo "2255"]
[WhiteFideId "12920355"]
[BlackFideId "4658892"]
[EventDate "2013.07.27"]

1. g3 f5 2. Bg2 Nf6 3. d4 e6 4. c4 d5 5. Nh3 c6 6. O-O Bd6 7. Bf4 O-O 8. Nd2 Be7
9. Qc2 Nh5 10. Nf3 Nd7 11. Rad1 h6 12. Ne5 Nxf4 13. Nxf4 Nxe5 14. dxe5 Qe8 15.
cxd5 exd5 16. e3 Bd8 17. Qc3 g5 18. Ne2 Qe7 19. f4 Bb6 20. Nd4 Kh7 21. Bf3 Bd7
22. Rf2 gxf4 23. gxf4 Qh4 24. Rg2 c5 25. Ne2 d4 26. Qc4 Rad8 27. Kh1 Qe7 28.
Rdg1 Be6 29. Rg7+ Kh8 30. Rxe7 Bxc4 31. Rgg7 Bg8 32. exd4 cxd4 33. Ng3 d3 34.
Nh5 d2 35. Rd7 Rxd7 36. Rxd7 Rd8 37. Rxd8 Bxd8 38. b3 Bd5 0-1

[Event "Sparkassen Open A 2013"]
[Site "Dortmund GER"]
[Date "2013.07.28"]
[Round "2.8"]
[White "Kuckling, Hannah"]
[Black "Steinle, Carsten"]
[Result "1-0"]
[WhiteElo "1953"]
[BlackElo "2229"]
[WhiteFideId "24603660"]
[BlackFideId "24676462"]
[EventDate "2013.07.27"]

1. e4 e6 2. d4 b6 3. Nd2 Bb7 4. c3 c5 5. Ngf3 cxd4 6. cxd4 Nf6 7. Bd3 d6 8. O-O
Be7 9. Re1 O-O 10. Nf1 Nbd7 11. Ng3 Rc8 12. b3 Qc7 13. Ba3 g6 14. e5 Nd5 15. Rc1
Qb8 16. Bb5 Rfd8 17. Ne4 dxe5 18. Bxe7 Rxc1 19. Qxc1 Nxe7 20. Bxd7 Bxe4 21. Nxe5
Bd5 22. Qg5 Qd6 23. Qf6 Rf8 24. Be8 Qxe5 25. dxe5 Rxe8 26. Rc1 Nc6 27. h4 h5 28.
Rc3 Rf8 29. Rg3 Nd4 30. Kh2 Rc8 31. Qg5 Rc2 32. Rd3 Nf5 33. Rd2 Rc5 34. f3 Rc3
35. g4 Ng7 36. Rf2 Kh7 37. Qe7 Kg8 38. Qb4 Rc1 39. Qd2 Ra1 40. Qb2 Re1 41. Rc2
Bxf3 42. Rc8+ Kh7 43. Qa3 hxg4 44. Qf8 Rh1+ 45. Kg3 Nf5+ 46. Kf4 1-0

[Event "Sparkassen Open A 2013"]
[Site "Dortmund GER"]
[Date "2013.07.28"]
[Round "2.9"]
[White "Wagner, Alexej"]
[Black "Niekrens, Stefan"]
[Result "1/2-1/2"]
[WhiteElo "2220"]
[BlackElo "1952"]
[WhiteFideId "4129555"]
[BlackFideId "24635383"]
[EventDate "2013.07.27"]

1. d4 Nf6 2. c4 g6 3. Nc3 Bg7 4. e4 O-O 5. Nf3 c6 6. Be2 d5 7. e5 Ne4 8. h4 Bg4
9. Ng5 Bxe2 10. Qxe2 Nxc3 11. bxc3 dxc4 12. e6 f6 13. Nf7 Qd5 14. Kf1 Na6 15. h5
Nc7 16. hxg6 hxg6 17. Qe3 Qxe6 18. Nh6+ Bxh6 19. Qxh6 Kf7 20. Ba3 Rh8 21. Qxh8
Rxh8 22. Rxh8 Nd5 23. Rb8 b5 24. Rb7 b4 25. Bxb4 Nxb4 26. Rxb4 Qe4 27. Kg1 Qd3
28. Rc1 Qd2 29. Rbb1 Qxa2 30. Ra1 Qd2 31. Rd1 Qxc3 32. Rxa7 Qb4 33. Rc1 c3 34.
Ra2 Qxd4 35. Rac2 g5 36. Rxc3 Qb4 37. Rxc6 Qa3 38. Re1 Qb4 39. Rce6 Qc5 40. R6e4
Qa3 41. R1e2 Qd6 42. R2e3 Qc7 43. g3 Qd6 44. Kg2 Qc5 45. Kh2 Qd6 46. Re2 Qd7 47.
f4 gxf4 48. gxf4 Qd6 49. Kg3 e5 50. f5 Qd7 51. Kg4 Qd1 52. Re3 Qg1+ 53. Rg3 Qd4+
54. Kh3 Qf4 55. Kg2 Qxf5 56. Ra2 Qe4+ 57. Kh2 Qh4+ 58. Kg2 Qe4+ 59. Kh2 Ke6 60.
Rga3 Qh4+ 61. Kg1 Qe1+ 62. Kh2 e4 63. Ra6+ Kf5 64. Kg2 e3 65. Kf3 e2 66. Rxe2
Qf1+ 67. Ke3 Qc1+ 68. Kf2 Qf4+ 69. Kg1 Qc1+ 70. Kg2 Qg5+ 71. Kf1 1/2-1/2

[Event "Sparkassen Open A 2013"]
[Site "Dortmund GER"]
[Date "2013.07.28"]
[Round "2.10"]
[White "Adiyaman, Rene"]
[Black "Heck, Norbert"]
[Result "0-1"]
[BlackTitle "FM"]
[WhiteElo "1822"]
[BlackElo "2280"]
[WhiteFideId "12910414"]
[BlackFideId "4622928"]
[EventDate "2013.07.27"]

1. e4 g6 2. d4 Bg7 3. c3 d6 4. Bc4 Nf6 5. Nd2 O-O 6. Ngf3 c5 7. O-O cxd4 8. cxd4
Nc6 9. Re1 Qb6 10. Nb3 Bg4 11. e5 dxe5 12. dxe5 Rad8 13. Qe2 Nd5 14. Rd1 Bxf3
15. gxf3 e6 16. f4 Nce7 17. Qe4 Nc3 18. bxc3 Rxd1+ 19. Bf1 Rfd8 20. Qe2 Qc6 21.
Nd4 R8xd4 22. Ba3 Rxa1 23. cxd4 Nd5 24. Qb2 Rxf1+ 25. Kxf1 Nxf4 0-1

[Event "Sparkassen Open A 2013"]
[Site "Dortmund GER"]
[Date "2013.07.28"]
[Round "2.11"]
[White "Mundorf, Johannes"]
[Black "Schulze, Marc"]
[Result "1-0"]
[WhiteElo "2205"]
[BlackElo "1926"]
[WhiteFideId "24672491"]
[BlackFideId "1271126"]
[EventDate "2013.07.27"]

1. Nf3 Nf6 2. g3 g6 3. b3 Bg7 4. Bb2 O-O 5. Bg2 c5 6. c4 Nc6 7. O-O d5 8. cxd5
Nxd5 9. Bxg7 Kxg7 10. d4 cxd4 11. Nxd4 Nxd4 12. Qxd4+ Nf6 13. Qe5 a5 14. Nc3 Ra6
15. Rfd1 Rd6 16. Rxd6 exd6 17. Qd4 Qe7 18. Rd1 Qe5 19. f4 Qxd4+ 20. Rxd4 Rd8 21.
e4 Kf8 22. e5 Ne8 23. Kf2 Rd7 24. Rc4 Rd8 25. Rd4 Rd7 26. exd6 Rxd6 27. Ke3 Ke7
28. Nd5+ Kd8 29. Nb6 Kc7 30. Nxc8 Rxd4 31. Kxd4 Kxc8 32. Ke5 h5 33. f5 f6+ 34.
Ke6 gxf5 35. Kxf5 Kd7 36. Kg6 b5 37. Kxh5 f5 38. Kg6 Ke6 39. h4 1-0

[Event "Sparkassen Open A 2013"]
[Site "Dortmund GER"]
[Date "2013.07.28"]
[Round "2.13"]
[White "Schiefelbusch, Dirk"]
[Black "Vogt, Marc Jonas"]
[Result "1-0"]
[WhiteElo "2133"]
[BlackElo "1893"]
[WhiteFideId "4694139"]
[BlackFideId "24695661"]
[EventDate "2013.07.27"]

1. d4 d5 2. Nf3 Nf6 3. Bg5 Ne4 4. Bh4 c6 5. Nbd2 Bf5 6. e3 Nd7 7. Nxe4 dxe4 8.
Nd2 Qa5 9. Bc4 e6 10. O-O Bd6 11. a4 O-O 12. c3 Qc7 13. Bg3 Nf6 14. b4 Bxg3 15.
hxg3 h5 16. Be2 Bg4 17. Bxg4 hxg4 18. Qc2 Nd5 19. Nxe4 f5 20. Nc5 Rf6 21. e4 Nb6
22. Rfe1 Qf7 23. a5 Nd7 24. Nxd7 Qxd7 25. exf5 Rxf5 26. Qe4 Raf8 27. Ra2 R8f6
28. Qxg4 Qd5 29. Rae2 Qc4 30. f3 Rh6 31. Re3 Rff6 32. Qe4 Rfg6 33. Kf2 Qa2+ 34.
R3e2 Qb3 35. Qd3 Qd5 36. Re5 Qd7 37. Qe4 Qf7 38. a6 Rf6 39. axb7 Qxb7 40. g4 Rf7
41. Rxe6 Kf8 42. Re8# 1-0

[Event "Sparkassen Open A 2013"]
[Site "Dortmund GER"]
[Date "2013.07.28"]
[Round "2.18"]
[White "Zimmermann, Dirk"]
[Black "Michalczak, Thomas"]
[Result "1/2-1/2"]
[BlackTitle "FM"]
[WhiteElo "2050"]
[BlackElo "2299"]
[WhiteFideId "4677498"]
[BlackFideId "4622634"]
[EventDate "2013.07.27"]

1. d4 d5 2. Nf3 Nf6 3. Bg5 Ne4 4. Bh4 c5 5. c3 Qb6 6. Qb3 Qh6 7. Qd1 Nc6 8. Na3
a6 9. Qc1 g5 10. Bxg5 Nxg5 11. Qxg5 Qxg5 12. Nxg5 cxd4 13. cxd4 Nxd4 14. e3 Ne6
15. Nxe6 Bxe6 16. O-O-O Bg7 17. Kb1 O-O 18. Bd3 b5 19. Nc2 Bg4 20. Rd2 Rfd8 21.
h3 Bc8 22. f4 Bb7 23. Rc1 Rac8 24. Nd4 Rxc1+ 25. Kxc1 Rc8+ 26. Rc2 e6 27. Nb3
Bf8 28. Rxc8 Bxc8 29. Kc2 f6 30. Kd2 Bb4+ 31. Ke2 h6 32. Nd4 Kf7 33. Nf3 Bd6 34.
Bc2 Bd7 35. Bb3 Bc6 36. g4 Ke7 37. h4 a5 38. Nd4 Be8 39. Bc2 b4 40. b3 Bc5 41.
Bd3 Kd6 42. g5 hxg5 43. hxg5 fxg5 44. fxg5 Ke7 45. Bh7 e5 46. Nf5+ Kf7 47. g6+
Kf6 48. g7 Bf7 49. g8=Q Bxg8 50. Bxg8 1/2-1/2

[Event "Sparkassen Open A 2013"]
[Site "Dortmund GER"]
[Date "2013.07.28"]
[Round "2.20"]
[White "Kartsev, Soel"]
[Black "Dyballa, Gerhard"]
[Result "1-0"]
[WhiteElo "2223"]
[BlackElo "1970"]
[WhiteFideId "4130561"]
[BlackFideId "4645189"]
[EventDate "2013.07.27"]

1. e4 e6 2. d4 d5 3. e5 c5 4. c3 Qb6 5. Nf3 Nc6 6. a3 cxd4 7. cxd4 Nge7 8. Nc3
Nf5 9. Na4 Qd8 10. b4 Be7 11. Bb2 O-O 12. Bd3 b6 13. O-O Bd7 14. Qb3 Nh4 15.
Nxh4 Bxh4 16. Bc3 Rc8 17. Rac1 Nb8 18. b5 Be7 19. Nb2 f5 20. a4 Be8 21. Rc2 Bh5
22. Rfc1 Qe8 23. Bb4 Rxc2 24. Rxc2 Qd7 25. Bf1 Bxb4 26. Qxb4 Rc8 27. Rxc8+ Qxc8
28. Qd6 Bf7 29. Nd3 Nd7 30. Nb4 Qf8 31. Qxd7 Qxb4 32. Qxa7 h6 33. a5 Qxd4 34.
Qxb6 Qxe5 35. a6 Kh7 36. a7 1-0

[Event "Sparkassen Open A 2013"]
[Site "Dortmund GER"]
[Date "2013.07.28"]
[Round "2.22"]
[White "Nepveu, Manuel"]
[Black "Koenig, Christian"]
[Result "0-1"]
[WhiteElo "1955"]
[BlackElo "2114"]
[WhiteFideId "1006339"]
[BlackFideId "4656997"]
[EventDate "2013.07.27"]

1. d4 Nf6 2. c4 g6 3. Nc3 Bg7 4. e4 O-O 5. Be2 d6 6. Bg5 Na6 7. Nf3 Qe8 8. O-O
e5 9. dxe5 dxe5 10. Nd5 Nxe4 11. Be7 c6 12. Bxf8 Qxf8 13. Nc3 Nxc3 14. bxc3 Be6
15. Qd2 Qc5 16. Qe3 Qxe3 17. fxe3 f6 18. Rfd1 Bf8 19. Kf1 Be7 20. Rab1 Nc5 21.
Nd2 b6 22. Bf3 Rc8 23. h3 f5 24. Be2 Bg5 25. Kf2 Rf8 26. g3 f4 27. gxf4 exf4 28.
exf4 Bxf4 29. Kg2 Bf5 30. Nf3 Bxb1 31. Rxb1 Ne4 32. Rb3 Be3 33. Ra3 a5 34. Rb3
a4 35. Rb2 Nxc3 36. Bd3 Rd8 37. Bf1 Nd1 38. Rb4 Bc5 39. Rxa4 Ne3+ 40. Kg1 Rd1 0-1

[Event "Sparkassen Open A 2013"]
[Site "Dortmund GER"]
[Date "2013.07.28"]
[Round "2.24"]
[White "Hassler, Rolf"]
[Black "Schorra, Helmut"]
[Result "1/2-1/2"]
[WhiteElo "1887"]
[BlackElo "2083"]
[WhiteFideId "4638255"]
[BlackFideId "4648692"]
[EventDate "2013.07.27"]

1. e4 c5 2. Nc3 a6 3. g3 b5 4. Bg2 Bb7 5. Nh3 e6 6. O-O b4 7. Ne2 Nf6 8. d3 d5
9. e5 Nfd7 10. f4 Qc7 11. g4 Be7 12. Ng3 Nc6 13. Bd2 a5 14. Nf2 O-O 15. g5 1/2-1/2

[Event "Sparkassen Open A 2013"]
[Site "Dortmund GER"]
[Date "2013.07.28"]
[Round "2.27"]
[White "Werrn, Pascal"]
[Black "Braeuer, Karl-Heinz"]
[Result "1-0"]
[WhiteElo "1970"]
[BlackElo "2220"]
[WhiteFideId "4670035"]
[BlackFideId "4677218"]
[EventDate "2013.07.27"]

1. d4 d5 2. Nf3 c6 3. Bf4 Bf5 4. c4 Bxb1 5. Qxb1 e6 6. e3 Bb4+ 7. Kd1 Nf6 8. Bd3
h6 9. Ke2 dxc4 10. Bxc4 Nd5 11. Bg3 O-O 12. e4 Nf6 13. a3 Be7 14. Rd1 Nh5 15.
Kf1 Nxg3+ 16. hxg3 Nd7 17. Qd3 Qa5 18. Qb3 Rfd8 19. Qxb7 Rab8 20. Qxc6 Rxb2 21.
Qa6 Qc3 22. Bd3 Nc5 23. dxc5 Bxc5 24. Be2 Rbd2 25. Nxd2 Qd4 26. Kg1 Qxf2+ 27.
Kh2 Bb6 28. Nf3 Rf8 29. Rac1 f5 30. Rc8 Rxc8 31. Qxc8+ Kh7 32. Qxe6 Qxe2 33.
Qxf5+ Kg8 34. Rc1 1-0

[Event "Sparkassen Open A 2013"]
[Site "Dortmund GER"]
[Date "2013.07.28"]
[Round "2.28"]
[White "Bausch, Thomas"]
[Black "Agrest, Inna"]
[Result "1/2-1/2"]
[BlackTitle "WIM"]
[WhiteElo "1969"]
[BlackElo "2193"]
[WhiteFideId "24611115"]
[BlackFideId "1708830"]
[EventDate "2013.07.27"]

1. e4 e5 2. Nf3 Nc6 3. Bb5 a6 4. Ba4 Nf6 5. O-O b5 6. Bb3 Bc5 7. c3 d6 8. d4 Bb6
9. a4 Rb8 10. Re1 Bg4 11. Bd5 Ne7 12. Bb3 Ng6 13. d5 O-O 14. h3 Bd7 15. Nbd2 Nf4
16. Nf1 N6h5 17. a5 Bc5 18. Be3 Qf6 19. Ng3 Nxg3 20. fxg3 Nh5 21. Kh2 Qg6 22. g4
Bxe3 23. Rxe3 Nf4 24. Qe1 Qh6 25. Qh4 Qxh4 26. Nxh4 Ng6 27. Nxg6 fxg6 28. Rf3
Rxf3 29. gxf3 Rf8 30. Kg3 h5 31. Bc2 h4+ 32. Kf2 Kf7 33. Ke3 Ke7 34. Rd1 g5 35.
Bb3 Rh8 36. Rd2 Be8 37. Kd3 Bf7 38. Kc2 Bg6 39. Kd3 Rf8 40. Rf2 Bf7 41. Ba2 c5
42. b4 Rc8 43. Rc2 Be8 44. Kd2 Bd7 45. Kd3 Be8 1/2-1/2

[Event "Sparkassen Open A 2013"]
[Site "Dortmund GER"]
[Date "2013.07.28"]
[Round "2.31"]
[White "Zweschper, Erich"]
[Black "Wegelin, Reinhard"]
[Result "1/2-1/2"]
[WhiteElo "2116"]
[BlackElo "1935"]
[WhiteFideId "4643119"]
[BlackFideId "1305778"]
[EventDate "2013.07.27"]

1. d4 Nf6 2. Nf3 e6 3. c4 Nc6 4. Nc3 Bb4 5. Bg5 Bxc3+ 6. bxc3 h6 7. Bxf6 Qxf6 8.
e4 d6 9. Rb1 e5 10. Be2 O-O 11. d5 Nb8 12. Qc2 b6 13. h3 Nd7 14. Nd2 Nc5 1/2-1/2

[Event "Sparkassen Open A 2013"]
[Site "Dortmund GER"]
[Date "2013.07.28"]
[Round "2.32"]
[White "Simon, Thomas"]
[Black "Algars, Olle"]
[Result "1-0"]
[WhiteElo "1938"]
[BlackElo "2090"]
[WhiteFideId "24645990"]
[BlackFideId "1702513"]
[EventDate "2013.07.27"]

1. Nf3 Nf6 2. g3 g6 3. b3 Bg7 4. Bb2 b5 5. Na3 a6 6. c4 c6 7. Bg2 O-O 8. O-O d5
9. d3 Bg4 10. Rc1 Qa5 11. cxd5 Nxd5 12. Bxg7 Kxg7 13. Ne5 Qxa3 14. Nxg4 Qxa2 15.
e4 Nb4 16. d4 Rd8 17. d5 Qb2 18. f4 cxd5 19. Rf2 dxe4 20. Rxb2 Rxd1+ 21. Rxd1 f5
22. Ne5 N8c6 23. Nxc6 Nxc6 24. b4 1-0

[Event "Sparkassen Open A 2013"]
[Site "Dortmund GER"]
[Date "2013.07.28"]
[Round "2.33"]
[White "Grahl, Matthias"]
[Black "Garbuszus, Juergen"]
[Result "0-1"]
[WhiteElo "1935"]
[BlackElo "2071"]
[WhiteFideId "4692918"]
[BlackFideId "24600768"]
[EventDate "2013.07.27"]

1. e4 c5 2. Nf3 Nc6 3. d4 cxd4 4. Nxd4 Nf6 5. Nc3 e5 6. Ndb5 d6 7. Nd5 Nxd5 8.
exd5 Nb8 9. a4 Be7 10. Be2 O-O 11. O-O f5 12. f4 Nd7 13. Be3 a6 14. Na3 exf4 15.
Bd4 Bf6 16. Rxf4 Be5 17. Rf1 Qh4 18. Bxe5 Nxe5 19. c4 Bd7 20. b3 Rae8 21. Qe1
Qd4+ 22. Qf2 Qb2 23. Rfb1 Qc3 24. Ra2 Ng4 25. Bxg4 fxg4 26. Qd2 Qe5 27. Nc2 g3
28. hxg3 Qxg3 29. Nd4 Re3 30. Ne2 Qf2+ 0-1

[Event "Sparkassen Open A 2013"]
[Site "Dortmund GER"]
[Date "2013.07.28"]
[Round "2.35"]
[White "Schuetzhold, Frank"]
[Black "Strathoff, Martin"]
[Result "0-1"]
[WhiteElo "1886"]
[BlackElo "2059"]
[WhiteFideId "4624980"]
[BlackFideId "24609560"]
[EventDate "2013.07.27"]

1. b3 e5 2. Bb2 Nc6 3. c4 Nf6 4. e3 Be7 5. Nc3 O-O 6. Nf3 d6 7. Be2 Bf5 8. d3
Qd7 9. O-O h6 10. a3 a5 11. Qc2 Bh7 12. e4 Ne8 13. Nd5 f5 14. Nd2 Bd8 15. Ne3 g6
16. g4 Nd4 17. Qd1 Nxe2+ 18. Qxe2 f4 19. Ng2 f3 20. Nxf3 Qxg4 21. Nd4 Qh3 22.
Nc2 Nf6 23. Qe3 Qh5 24. f4 Be7 25. Qg3 Nd7 26. Nce3 Rae8 27. Nd5 c6 28. Nxe7+
Rxe7 29. Bc3 b6 30. b4 a4 31. f5 Ref7 32. Ne3 Kh8 33. fxg6 Bxg6 34. Rxf7 Rxf7
35. Rf1 Rg7 36. Kf2 Bxe4 37. dxe4 Rxg3 38. hxg3 Nf6 39. Rg1 Nxe4+ 0-1

[Event "Sparkassen Open A 2013"]
[Site "Dortmund GER"]
[Date "2013.07.28"]
[Round "2.36"]
[White "Begna, Bozidar"]
[Black "Morgenroth, Hubertus"]
[Result "1-0"]
[WhiteElo "2042"]
[BlackElo "1857"]
[WhiteFideId "4633555"]
[BlackFideId "12922269"]
[EventDate "2013.07.27"]

1. e4 e5 2. Nf3 Nc6 3. Bb5 a6 4. Ba4 Nf6 5. Qe2 b5 6. Bb3 d6 7. a4 Bg4 8. c3 Rb8
9. axb5 axb5 10. h3 Bh5 11. O-O Be7 12. Rd1 d5 13. exd5 Nxd5 14. Qe4 1-0

[Event "Sparkassen Open A 2013"]
[Site "Dortmund GER"]
[Date "2013.07.28"]
[Round "2.37"]
[White "Herzum, Peter"]
[Black "Huckebrink, Chris"]
[Result "1/2-1/2"]
[WhiteElo "1882"]
[BlackElo "2034"]
[WhiteFideId "12919217"]
[BlackFideId "12900320"]
[EventDate "2013.07.27"]

1. e4 e6 2. d4 d5 3. Nc3 Bb4 4. exd5 exd5 5. Bd3 Ne7 6. Qh5 c5 7. Nf3 c4 8. Ne5
g6 9. Qf3 f5 10. Be2 Nbc6 11. Nxc6 Nxc6 12. Be3 O-O 13. O-O-O Bxc3 14. bxc3 Qa5
15. Bh6 Re8 16. h4 b5 17. g4 fxg4 18. Qxg4 Qxc3 19. Qf3 Qa5 20. c3 Re3 21. fxe3
Qxc3+ 22. Kb1 Qb4+ 23. Kc2 Qa4+ 24. Kd2 Qa5+ 25. Kc1 Qc3+ 1/2-1/2

[Event "Sparkassen Open A 2013"]
[Site "Dortmund GER"]
[Date "2013.07.28"]
[Round "2.38"]
[White "Carrasco, Paul"]
[Black "Oberste, Norbert"]
[Result "1-0"]
[WhiteElo "2034"]
[BlackElo "1778"]
[WhiteFideId "2008670"]
[BlackFideId "24608432"]
[EventDate "2013.07.27"]

1. c4 f5 2. Nc3 Nf6 3. d4 e6 4. h3 d5 5. g4 c6 6. gxf5 exf5 7. Bg5 Be7 8. e3 Be6
9. Qb3 b6 10. Nf3 Nbd7 11. Rc1 h6 12. Bxf6 Nxf6 13. Ne5 Qd6 14. Nxc6 f4 15. Ne5
fxe3 16. fxe3 Nd7 17. Nxd7 Qg3+ 18. Kd2 Qf2+ 19. Be2 dxc4 20. Qb5 Bxd7 21. Qd5
Rc8 22. Rcf1 Qh4 23. Bh5+ Kd8 24. Bg4 Rc7 25. Nb5 Bb4+ 26. Kc2 Qe7 27. Nxc7 Kxc7
28. Rf7 Ba4+ 29. Kb1 1-0

[Event "Sparkassen Open A 2013"]
[Site "Dortmund GER"]
[Date "2013.07.28"]
[Round "2.40"]
[White "Deinert, Wolfgang"]
[Black "Nielsen, Frode B."]
[Result "0-1"]
[WhiteElo "1778"]
[BlackElo "2015"]
[WhiteFideId "4685229"]
[BlackFideId "1405721"]
[EventDate "2013.07.27"]

1. e4 e5 2. Nf3 Nc6 3. Bb5 a6 4. Ba4 Nf6 5. O-O Nxe4 6. d4 b5 7. Bb3 d5 8. dxe5
Be6 9. c3 Bc5 10. Nbd2 O-O 11. Nxe4 dxe4 12. Ng5 Bxb3 13. axb3 e3 14. Qh5 exf2+
15. Kh1 h6 16. Nxf7 Rxf7 17. e6 Rf6 18. Qxc5 Qd3 19. Bxh6 Rxh6 20. Rxf2 Qd6 0-1

[Event "Sparkassen Open A 2013"]
[Site "Dortmund GER"]
[Date "2013.07.29"]
[Round "3.1"]
[White "Kotainy, Jens"]
[Black "Mundorf, Johannes"]
[Result "1-0"]
[WhiteTitle "IM"]
[WhiteElo "2459"]
[BlackElo "2205"]
[WhiteFideId "24670499"]
[BlackFideId "24672491"]
[EventDate "2013.07.27"]

1. e4 e6 2. d4 d5 3. Nc3 Nc6 4. e5 a6 5. Nf3 f6 6. Bd3 fxe5 7. Nxe5 Nxe5 8. dxe5
Qh4 9. Qf3 Bd7 10. g3 Qe7 11. Bd2 Nh6 12. O-O-O Qf7 13. Qg2 Bb4 14. Rhf1 Nf5 15.
Kb1 O-O-O 16. Ne2 Bxd2 17. Rxd2 Bb5 18. Bxb5 axb5 19. Qg1 Qe7 20. g4 Nh4 21. f4
c6 22. Nd4 Rhf8 23. f5 exf5 24. gxf5 Kd7 25. Qg3 c5 26. e6+ 1-0

[Event "Sparkassen Open A 2013"]
[Site "Dortmund GER"]
[Date "2013.07.29"]
[Round "3.2"]
[White "Jesse, Ingemars"]
[Black "Schiefelbusch, Dirk"]
[Result "0-1"]
[WhiteTitle "FM"]
[WhiteElo "2320"]
[BlackElo "2133"]
[WhiteFideId "11602724"]
[BlackFideId "4694139"]
[EventDate "2013.07.27"]

1. g3 d5 2. Bg2 Nf6 3. Nf3 Bg4 4. c4 c6 5. cxd5 cxd5 6. Qb3 Qc8 7. Nc3 e6 8. d3
Nc6 9. h3 Bh5 10. g4 Bg6 11. Bf4 Be7 12. Nb5 O-O 13. Nd6 Qb8 14. Qa3 Rd8 0-1

[Event "Sparkassen Open A 2013"]
[Site "Dortmund GER"]
[Date "2013.07.29"]
[Round "3.4"]
[White "Schmuecker, Marcus"]
[Black "Webb, Laurence E"]
[Result "1/2-1/2"]
[BlackTitle "FM"]
[WhiteElo "2255"]
[BlackElo "2286"]
[WhiteFideId "4658892"]
[BlackFideId "402389"]
[EventDate "2013.07.27"]

1. Nf3 Nc6 2. d4 d5 3. g3 Bg4 4. Bg2 Qd7 5. h3 Bxf3 6. Bxf3 Nf6 7. Bg2 e5 8.
dxe5 Nxe5 9. O-O c6 10. Qd4 Bd6 11. Bf4 Qe7 12. Nc3 O-O 13. e4 Nh5 14. exd5 Nxf4
15. Qxf4 Rac8 16. dxc6 Nxc6 17. Qa4 Be5 18. Rfe1 Qc5 19. Qb5 Qxb5 20. Nxb5 Bxb2
21. Rab1 Bf6 22. Nd6 Rc7 23. Rxb7 Rxb7 24. Nxb7 Nb4 25. c4 Nxa2 26. c5 Nb4 27.
c6 Na6 28. Nd6 Nc7 29. Rb1 Be7 30. Nf5 Bc5 31. Rb7 Rc8 32. Ne3 Bxe3 33. fxe3 a6
34. Kf2 Kf8 35. Ke2 Ke7 36. Kd3 Kd6 37. Kc4 Re8 38. Rb3 Ke7 39. Rd3 Rd8 40. Rxd8
Kxd8 41. Kc5 Ke7 42. Bf1 a5 43. Bc4 f6 44. Bb3 h6 45. e4 Na8 46. g4 Nc7 47. Ba4
Ke6 48. Bb3+ Ke7 49. Bd5 a4 50. Kb4 Kd6 51. Kxa4 Kc5 52. Kb3 Nb5 53. Kc2 Nd4+
54. Kd3 Nxc6 55. Bxc6 Kxc6 56. Kd4 Kd6 57. h4 g6 58. h5 g5 59. Ke3 Ke6 60. Kd4 1/2-1/2

[Event "Sparkassen Open A 2013"]
[Site "Dortmund GER"]
[Date "2013.07.29"]
[Round "3.5"]
[White "Beutelhoff, Josef"]
[Black "Torres-Kuckel, Rafael"]
[Result "1/2-1/2"]
[BlackTitle "FM"]
[WhiteElo "2111"]
[BlackElo "2269"]
[WhiteFideId "4621336"]
[BlackFideId "4625072"]
[EventDate "2013.07.27"]

1. c4 f5 2. f4 Nf6 3. Nc3 g6 4. d4 Bg7 5. Nf3 O-O 6. g3 d6 7. Bg2 c6 8. O-O h6
9. b4 Nbd7 10. Nh4 Kh7 11. e4 e6 12. e5 Ne8 13. c5 dxc5 14. dxc5 a5 15. Ba3 axb4
16. Bxb4 Nc7 17. a3 Re8 18. Na4 Nd5 19. Bxd5 exd5 20. Qc2 Nf8 21. Nf3 Be6 22.
Nb6 Rb8 23. a4 Re7 1/2-1/2

[Event "Sparkassen Open A 2013"]
[Site "Dortmund GER"]
[Date "2013.07.29"]
[Round "3.6"]
[White "Schmittdiel, Eckhard"]
[Black "Kuckling, Hannah"]
[Result "1-0"]
[WhiteTitle "GM"]
[WhiteElo "2435"]
[BlackElo "1953"]
[WhiteFideId "4600096"]
[BlackFideId "24603660"]
[EventDate "2013.07.27"]

1. e4 c5 2. Nf3 e6 3. c3 Nf6 4. d3 Nc6 5. g3 Be7 6. Bg2 d6 7. O-O e5 8. Bg5 h6
9. Bxf6 Bxf6 10. h3 Be6 11. c4 Qd7 12. Kh2 h5 13. Nc3 h4 14. g4 O-O-O 15. a3 Be7
16. b4 g6 17. Nd5 f5 18. b5 Nd4 19. Nxd4 exd4 20. exf5 gxf5 21. Qe2 Rde8 22. b6
a6 23. Nc7 Bf6 24. Qf3 Be5+ 25. Kh1 Re7 26. Qxb7+ Kd8 27. f4 Bg7 28. Qa8+ Qc8
29. Nxe6+ Kd7 30. Qa7+ Kxe6 31. Rae1+ Be5 32. Bd5+ Kf6 33. g5+ 1-0